000 00257nam a2200109Ia 4500
008 200302s9999 xx 000 0 und d
100 _aDetail Library ,
245 _aWindows and Window Walls
260 _bLliffe Books Ltd.
260 _c1964
300 _a120 P.,
999 _c144
_d144